The Victorian Art and Literature diplomová práca

Enregistré dans:
Détails bibliographiques
Auteur principal: Valachová, Jana
Collectivité auteur: Fakulta aplikovaných jazykov EU v Bratislave. Katedra jazykovedy a translatológie
Autres auteurs: Adamcová, Silvia, 1984-
Format: Livre
Langue:anglais
Publié: Bratislava 2018
Tags: Ajouter un tag
Pas de tags, Soyez le premier à ajouter un tag!

MARC

LEADER 00000nbm a2200000 4500
001 0244002
005 20181011145516.8
041 0 |a eng 
044 |a SK 
245 1 0 |a The Victorian Art and Literature  |b diplomová práca  |c Jana Valachová ; školiteľ: Silvia Adamcová 
264 1 |a Bratislava  |c 2018 
300 |a 75 s. 
100 1 |a Valachová, Jana 
700 1 |a Adamcová, Silvia, 1984- 
710 2 |a Fakulta aplikovaných jazykov EU v Bratislave. Katedra jazykovedy a translatológie